000 01043nam a22002537a 4500
005 20170124103100.0
010 _aA-921833
020 _c150.00
035 _aA-921833
037 _bCen Lib/Ret
040 _aDPL
_bHN
082 _a920
_bज़हूर
100 _aज़हूर बख्श
_976689
245 _aमुस्लिम महिला-रत्न /
_cज़हूर बख्श
246 _aMuslim mahila-ratn /
_bby Zahur Bakhsh
260 _aदिल्ली
_bस्वर्ण जयन्ती
_c1998
270 _bदिल्ली
_a1/5971, कबूल नगर, शाहदरा
_e110032
300 _a117पृ.
_c20सेमी(सजिल्द)
650 _aहिन्दी -- साहित्य
_976690
650 _aहिन्दी -- जीवनियाँ - मुस्लिम महिला
_976691
650 _aHindi literature
_976692
650 _aHindi - Biographies - Muslim Women
_976693
942 _2ddc
_cHN
_h920
_mज़हूर
999 _c117762
_d117762